000 00576nam a2200193Ia 4500
003 OSt
005 20240417103815.0
008 210210b1998 xxu||||| |||| 00| 0 eng d
040 _aAL
_c
041 _aHindi
082 _aH891.4 TARA
100 _aTARUN (Harivamsh)
_916998
_d हरिवंश तरुण
245 _aAdhunik manak hindi nibhandh.
_b आधुनिक मानक हिन्दी निबन्ध
260 _aNew Delhi.
_bPrakashan Samsthan.,
_c1998
300 _a160
690 _aHindi Prose
_916999
906 _a057031
942 _2ddc
_cBK
999 _c104635
_d104635